000 00576cam a22001934a 4500
005 20250605164252.0
008 250528s ||||||||||||||||||||||||d
035 _a21773
020 _a9789603942696
040 _aGR-AtMCL
_bgre
_dGR-AtMCL
_eAACR2
245 1 _aΑΠΟΤΕΛΕΣΜΑΤΙΚΕΣ ΔΙΔΑΚΤΙΚΕΣ ΣΤΡΑΤΗΓΙΚΕΣ ΓΙΑ ΜΙΑ ΕΠΙΤΥΧΗΜΕΝΗ ΕΝΤΑΞΗ
250 _a1
260 _bΕκδόσεις Παρισιάνου,
_c2004
300 _a108
700 1 _aTien Barbara
_95516
942 _cBK
999 _c6832
_d6832